LANGUAGE DISORDERS IN BILINGUAL CHILDEREN AND ADULTS (Record no. 26896)

MARC details
000 -LEADER
fixed length control field 00441nam a22001697a 4500
003 - CONTROL NUMBER IDENTIFIER
control field SGT
020 ## - INTERNATIONAL STANDARD BOOK NUMBER
International Standard Book Number 9781635501896
082 ## - DEWEY DECIMAL CLASSIFICATION NUMBER
Classification number 616.85
Item number L21K
100 ## - MAIN ENTRY--PERSONAL NAME
Personal name KOHNERT, KATHRYAN
245 ## - TITLE STATEMENT
Title LANGUAGE DISORDERS IN BILINGUAL CHILDEREN AND ADULTS
250 ## - EDITION STATEMENT
Edition statement 3RD
260 ## - PUBLICATION, DISTRIBUTION, ETC. (IMPRINT)
Place of publication, distribution, etc SAN DIEGO
Name of publisher, distributor, etc PLURAL PUB
Year of Publication 2021
300 ## - PAGE DESCRIPTION
No. of Pages 375
650 ## - SUBJECT ADDED ENTRY--TOPICAL TERM
Topical term or geographic name as entry element AUDIOLOGY
653 ## - KEYWORDS--INDEX TERM
Keyword term LANGUAGE DISORDERS IN BILINGUAL CHILDEREN AND ADULTS
942 ## - ADDED ENTRY ELEMENTS (KOHA)
Source of classification or shelving scheme Dewey Decimal Classification
Koha item type Books
Holdings
Withdrawn status Lost status Source of classification or shelving scheme Damaged status Not for loan Collection code Home library Current library Shelving location Date acquired Vendor Name Cost, normal purchase price SGTU Bill Number Total Checkouts Full call number Accession No. (Barcode) Date last seen Bill Date Koha item type
    Dewey Decimal Classification   Not For Loan MEDICAL SGT Medical Library SGT Medical Library Reference Book 12/09/2024 ADWELL BOOK COMPANI 9130.00 SGTU 24-25/00034   616.85 L21K FM14508 12/09/2024 20/08/2024 Books
    Dewey Decimal Classification   Not For Loan MEDICAL SGT Medical Library SGT Medical Library Reference Book 14/05/2025 ABC DELHI 9466.00 SGTU 21139   616.85 L21K FM15461 11/06/2025 14/05/2025 Books